000 00306nam a2200121Ia 4500
008 231129s2004||||xx |||||||||||||| ||spa||
082 _aER- 496
100 _aInstituto de Cultura de Pereira
245 0 _aPereira Cultural Nº 21
260 _c2004
264 _aPereira: Papiro 2004
942 _2ddc
_cBKS
999 _c22648
_d22648